000 01057nam a2200265 a 4500
001 000016332
005 20241010113235.0
008 100303s1997 dr acd 000 0 spa d
040 _aDO-SdBNP
_bspa
_cBNPHU
082 _a371.3
_bG993o
100 1 _aGuzmán Camacho, Ana Dolores de,
_d1963-
_936438
245 1 0 _aOrientaciones didácticas para el proceso de enseñanza-aprendizaje /
_cAna Dolores Guzmán de Camacho, Milagros Concepción Calderón ; presentación Angela Florencio.
260 _aSanto Domingo :
_bAmigo del Hogar,
_c1997.
300 _a183 p. :
_bil., retrs., diagr. ;
_c23 cm.
500 _aIncluye datos biográficos de las autoras en la contracubierta
504 _aIncluye bibliografías
590 _aInventariado,2018/DG
650 4 _aSociología de la educación
_97856
650 4 _aMétodos de enseñanza
_92196
650 0 _aPedagogía
_9693
650 4 _aAptitud de aprendizaje
_9733
700 1 2 _aCalderón, Milagros Concepción
_936439
700 1 2 _aFlorencio, Angela
_926942
910 _aValidado. Control de calidad MFF
999 _c15867
_d15867